Obálka Náhled e-knihy:
Epub
Pro půjčování e-knih musíte být přihlášeni.
Jak si půjčit online?

Meč a pergamen. Království za Džbán /

Historický román, zasazený do českých zemí na počátku lucemburské éry.

Uloženo v:
Série:Meč a pergamen, část 1
Hlavní autor: Dobrylovský, Jiří, 1961- (Autor)
Médium: E-kniha
Jazyk:Czech
Vydáno: Brno : MOBA, 2023
Vydání:Vydání první
Témata:
Příbuzné jednotky:Z cyklu:: Meč a pergamen
Tagy:
Žádné tagy
LEADER 02537cam a2200493 i 4500
001 311994
003 CZ PrSKC
005 20260601215715.0
007 ta
008 230728s2023 xr g 000 f cze
015 |a cnb003535036 
020 |a 9788027910038  |q (vázáno) 
035 |a (OCoLC)1396732365 
040 |a ABG001  |b cze  |d ABA001  |e rda 
043 |a e-xr--- 
045 |a r-r- 
072 7 |a 821.162.3-3  |x Česká próza  |2 Konspekt 
080 |a 821.162.3-31  |2 MRF 
080 |a 94(437.3)  |2 MRF 
080 |a (437.3)  |2 MRF 
080 |a (0:82-311.6)  |2 MRF 
100 1 |a Dobrylovský, Jiří,  |d 1961-  |7 mzk2006322812  |4 aut 
245 1 0 |a Meč a pergamen.  |p Království za Džbán /  |c Jiří Dobrylovský 
246 3 0 |a Království za Džbán 
250 |a Vydání první 
264 1 |a Brno :  |b MOBA,  |c 2023 
300 |a 261 stran ;  |c 21 cm 
336 |a text  |b txt  |2 rdacontent 
337 |a bez média  |b n  |2 rdamedia 
338 |a svazek  |b nc  |2 rdacarrier 
520 2 |a Historický román, zasazený do českých zemí na počátku lucemburské éry.  |b Nejstatečnější český král Jan Lucemburský přišel v roce 1310 do naší země jako manžel Přemyslovny Elišky, aby pro sebe dobyl český trůn, na kterém do té doby seděl neschopný a neoblíbený panovník Jindřich Korutanský. Průběh Janova tažení na Prahu je znám jen velmi obecně ze Zbraslavské kroniky, konkrétní detaily však zůstávají nejasné. Mohl se přitom postavit Janovi do cesty mocný hrad Džbán, o němž mezi historiky a archeology panuje všeobecné přesvědčení, že zanikl plus minus někdy okolo roku 1300? Nakladatelská anotace. 
648 7 |a 14. století  |7 ch460552  |2 czenas 
651 7 |a Česko  |7 ge128065  |x dějiny  |y 14. století  |2 czenas 
651 9 |a Czechia  |x history  |y 14th century  |2 eczenas 
655 7 |a české romány  |7 fd133974  |2 czenas 
655 7 |a historické romány  |7 fd132414  |2 czenas 
655 9 |a Czech fiction  |2 eczenas 
655 9 |a historical novels  |2 eczenas 
787 0 8 |i Z cyklu:  |t Meč a pergamen  |g 1  |w (CZ-CtDS)c68bb5c5-e350-51ed-8e33-ab6b54624a14 
900 |a ABA001  |b 20 
044 |a xr 
910 |a RBIT002 
998 |d 380283  |a https://core.palmknihy.cz/api/books/380283/cover?ry1de8  |b https://core.palmknihy.cz/api/books/380283/cover/400?ry1de8  |c https://core.palmknihy.cz/api/books/380283/cover/50?ry1de8  |e 2028-05-10  |g 276  |i 9788027910038  |j https://core.palmknihy.cz/api/books/380283/preview.epub  |l   |q 49  |r 1  |s https://www.palmknihy.cz/kniha/380283  |t ebook  |y 2023  |z 0  |v Meč a pergamen  |w 1 
999 |d 311992